| 000 | 00995nam a2200277Ia 4500 | ||
|---|---|---|---|
| 003 | GCL | ||
| 008 | 140319s9999 xx 000 0 ara d | ||
| 040 |
_aGCL / _cGCL |
||
| 082 | 0 | 4 |
_a350.765 _bع م |
| 100 | 1 | _aعبدالله عبدالغنى غانم | |
| 245 | 1 | 0 |
_aالمرأة وتجارة المخدرات - دراسة فى انثروبولوجيا الجريمة / _cعبدالله عبدالغنى غانم |
| 260 |
_a[S.N] : _bالمكتب الجامعى الحديث ، _c1991 |
||
| 300 | _a368 | ||
| 490 |
_aسلسلة جرائم النساء (3) _v0 |
||
| 650 | 0 | 4 | _aالقانون الجنائى |
| 650 | 0 | 4 | _aالقانون |
| 650 | 0 | 4 | _aادمان المخدرات |
| 650 | 0 | 4 | _aالمخدرات والشباب |
| 650 | 0 | 4 | _aالمرأة |
| 650 | 0 | 4 | _aقانون العقوبات |
| 650 | 0 | 4 | _aمكافحة المخدرات |
| 650 | 0 | 4 | _aالاجتماع |
| 650 | 0 | 4 | _aالفساد الاجتماعى |
| 650 | 0 | 4 | _aجرائم بدون ضحية |
| 942 |
_2ddc _cBK |
||
| 999 |
_c58521 _d58521 |
||